[Event "4th Parsvnath Open"]
[Site "New Delhi IND"]
[Date "2006.01.17"]
[Round "5"]
[White "Sandipan,C"]
[Black "Satyapragyan,S"]
[Result "0-1"]
[WhiteElo "2522"]
[BlackElo "2403"]

1.e4 c5 2.Nf3 Nc6 3.d4 cxd4 4.Nxd4 e6 5.Nc3 a6 6.Be3 Nf6 7.g4 Bb4 8.Bg2 d5
9.Nxc6 bxc6 10.g5 Nd7 11.exd5 cxd5 12.Qd4 Bxc3+ 13.Qxc3 O-O 14.O-O Bb7 15.Qb4 Qc7
16.Bf4 e5 17.Bg3 a5 18.Qd2 d4 19.f4 Bxg2 20.Qxg2 Rac8 21.fxe5 Qxc2 22.Qd5 Qc6
23.Qxd4 Rfe8 24.Rad1 Nf8 25.Qa7 Qg6 26.Qxa5 Qxg5 27.Qd2 Qg6 28.Qg2 h5 29.Rd2 Rc4
30.h3 h4 31.Bh2 Qb6+ 32.Kh1 Re6 33.Rd6 Qc7 34.Qa8 Kh7 35.b3 Rc2 36.a4 Qc3
37.Qf3 Rxh2+ 38.Kxh2 Qxe5+ 39.Qf4 Qxd6 40.Qxd6 Rxd6 41.Rxf7 Ne6 42.a5 Rd2+
43.Kh1 Ra2 44.b4 Kg6 45.Re7 Nd4 46.Kg1 Kf6 47.Re3 Kf5 48.Re7 g5 49.Rc7 Kf4
50.Kh1 Nf3  0-1

[Event "Classic"]
[Site "Queenstown NZL"]
[Date "2006.01.17"]
[Round "3"]
[White "Milligan,H"]
[Black "Tredinnick,M"]
[Result "1/2-1/2"]
[WhiteElo "2045"]
[BlackElo "2172"]

1.e4 c5 2.Nf3 e6 3.d4 cxd4 4.Nxd4 Nc6 5.Nc3 Qc7 6.Be3 a6 7.Be2 b5 8.a3 Bb7
9.Qd2 Na5 10.O-O Nc4 11.Bxc4 Qxc4 12.Rad1 Nf6 13.f3 d5 14.exd5 Nxd5 15.Nxd5 Qxd5
16.Rfe1 Rd8 17.Qe2 Qh5 18.Bf2 Bd6 19.Nxe6 Qxh2+ 20.Kf1 fxe6 21.Qxe6+ Kf8
22.Qf5+ Kg8 23.Qe6+ Kf8 24.Qf5+ Kg8 25.Qe6+ Kf8  1/2-1/2

[Event "Jovenes Promesas"]
[Site "Malaga ESP"]
[Date "2006.01.18"]
[Round "1"]
[White "Cueto,J BOL"]
[Black "Cruz Condori,A"]
[Result "1/2-1/2"]
[WhiteElo "2322"]
[BlackElo "2254"]

1.e4 c5 2.Nf3 Nc6 3.Nc3 e6 4.d4 cxd4 5.Nxd4 Qc7 6.Be3 a6 7.Be2 Bb4 8.O-O Nf6
9.Nxc6 dxc6 10.Bd3 e5 11.Qf3 Be6 12.Qg3 Be7 13.a4 O-O 14.Rfd1 a5 15.f3 Rfe8
16.Nb1 Nd7 17.Qf2 b6 18.Nd2 Bc5 19.Bc4 Bxe3 20.Qxe3 Nc5 21.Bxe6 Nxe6 22.c3 b5
23.Nf1 Reb8 24.Qf2 b4 25.Nd2 bxc3  1/2-1/2

[Event "2nd Bundesliga West 2005-6"]
[Site "Austria AUT"]
[Date "2006.01.20"]
[Round "6"]
[White "Novkovic,Mi"]
[Black "Maiwald,JU"]
[Result "0-1"]
[WhiteElo "2402"]
[BlackElo "2503"]

1.e4 c5 2.Nf3 e6 3.d4 cxd4 4.Nxd4 Nc6 5.Nc3 Qc7 6.Ndb5 Qb8 7.a4 Nf6 8.Bd3 Be7
9.Be3 O-O 10.O-O d6 11.Kh1 Re8 12.f4 a6 13.Nd4 Nxd4 14.Bxd4 e5 15.Be3 exf4
16.Rxf4 Be6 17.Nd5 Bxd5 18.exd5 g6 19.Qf3 Nd7 20.Bd4 Rf8 21.Rf1 Qe8 22.h4 Ne5
23.Qg3 f6 24.Bf5 Kh8 25.Be6 Qd8 26.h5 g5 27.Rf5 Qc7 28.c3 b5 29.a5 Qc4 30.b4 Qe2
31.Qh3 Qe4 32.Kg1 Rae8 33.R5f2 Bd8 34.Qf5 Qxf5 35.Rxf5 Be7 36.h6 Rb8 37.R5f2 Rbd8
38.g3 Rb8 39.Kg2 Rbd8 40.Rh1 Nd3 41.Rf5 Ne5 42.Kf1 Rde8 43.Ke2 Rd8 44.Rhf1 Rde8
45.Ke3 Nc4+ 46.Kd3 Ne5+ 47.Ke4 Rd8 48.R5f2 Rde8 49.Bxe5 dxe5 50.d6 Bxd6 51.Rxf6 Rxf6
52.Rxf6  0-1

[Event "4th Parsvnath Open"]
[Site "New Delhi IND"]
[Date "2006.01.20"]
[Round "8"]
[White "Himanshu,Sh"]
[Black "Satyapragyan,S"]
[Result "0-1"]
[WhiteElo "2411"]
[BlackElo "2403"]

1.e4 c5 2.Nf3 Nc6 3.d4 cxd4 4.Nxd4 e6 5.Nc3 a6 6.Be3 Nf6 7.Be2 Bb4 8.Nxc6 bxc6
9.e5 Nd5 10.Bd2 Nxc3 11.bxc3 Bc5 12.Bd3 Qc7 13.Qe2 d6 14.Bf4 d5 15.O-O f5
16.Rab1 O-O 17.c4 d4 18.Bd2 Bd7 19.f4 Rab8 20.Rb3 Be7 21.Rfb1 c5 22.Qe1 Rxb3
23.cxb3 Bc6 24.a3 Ba8 25.b4 Qc6 26.Qf2 Qa4 27.Bc1 cxb4 28.axb4 Bxb4 29.Bb2 Bc3
30.Bxc3 dxc3 31.Rc1 Rd8 32.Bf1 Qa5 33.Qe3 Be4 34.Rxc3 Rd1 35.Rc1 Rxc1 36.Qxc1 Qc5+
37.Kh1 a5 38.Qd1 h6 39.h3 Qe3 40.Qd8+ Kh7 41.c5 Qxh3+ 42.Kg1 Qe3+ 43.Kh1 Qxf4
44.Qd1 Qxe5 45.Qc1 Bc6  0-1

[Event "Corus B"]
[Site "Wijk aan Zee NED"]
[Date "2006.01.20"]
[Round "6"]
[White "Vescovi,G"]
[Black "Navara,D"]
[Result "1/2-1/2"]
[WhiteElo "2633"]
[BlackElo "2660"]

1.e4 c5 2.Nf3 e6 3.d4 cxd4 4.Nxd4 Nc6 5.Nc3 a6 6.Be3 Nf6 7.Bd3 Qc7 8.O-O Bd6
9.h3 b5 10.Nb3 Bf4 11.Qd2 Bxe3 12.Qxe3 O-O 13.f4 d6 14.Rae1 Qa7 15.Kh2 Qxe3
16.Rxe3 Bb7 17.Rd1 Rfd8 18.Be2 Rab8 19.Bf3 Kf8 20.Red3 Ke7 21.R3d2 b4 22.Na4 e5
23.g3 Bc8 24.c4 Be6 25.Rc1 Na7 26.fxe5 dxe5 27.Rxd8 Kxd8 28.Nac5 Nc6 29.Kg2 Ke7
30.h4 a5 31.Kf2 Nd7 32.Ke3 Nxc5 33.Nxc5 Nd4 34.Nb3 Rd8 35.Nxd4 Rxd4 36.b3 a4
37.Rd1 Rxd1 38.Bxd1 a3 39.g4 f6 40.Be2 Kd6 41.h5 Kc6 42.Bd1 Kc5 43.Be2 Kd6
44.Bd1 Ke7 45.Be2 g6 46.h6 g5 47.Bd1 Kf7 48.Be2 Kg6 49.Kf2 Kxh6 50.Bd1 Kg7
51.Be2 Kf8 52.Ke3 Ke7 53.Bd1 Kd6 54.Be2 Kc5 55.Bd1 Bf7 56.Be2 Kd6 57.Bd1 Ke7
58.Be2 Kf8 59.Kf2 Kg7 60.Kg3 Be8 61.Kf2 Bf7 62.Kg3 Bg6 63.Bf3 Be8 64.Kf2 Kf8  1/2-1/2

[Event "TCh-BEL 2005-6"]
[Site "Belgium BEL"]
[Date "2006.01.21"]
[Round "7"]
[White "Pucher,S"]
[Black "De Haan,E"]
[Result "1/2-1/2"]
[WhiteElo "2160"]
[BlackElo "2294"]

1.e4 c5 2.Nf3 e6 3.Nc3 Nc6 4.d4 cxd4 5.Nxd4 Qc7 6.g3 a6 7.Bg2 Nf6 8.O-O d6
9.Nb3 b5 10.a3 Be7 11.f4 Bb7 12.Kh1 O-O 13.g4 d5 14.exd5 Rad8 15.g5 Nxd5
16.Nxd5 exd5 17.Be3 d4 18.Nxd4 Rfe8 19.Qd2 Bc5 20.c3 Na5 21.Rae1 Nc4 22.Qf2 Bxg2+
23.Kxg2 Qb7+ 24.Kg1 Re4 25.b3 Nxe3 26.Rxe3 Rdxd4 27.cxd4 Bxd4 28.Rd1 Qb6
29.Rxd4 Qxd4 30.Rxe4 Qxe4 31.Qd2 h6 32.gxh6 Qg6+ 33.Kf2 Qxh6 34.Qd8+ Kh7
35.Qd3+ g6 36.Kg3 Qg7 37.h4 Qa1 38.b4 Qg1+ 39.Kh3 f5 40.Qf3 Kh6 41.Qe2 Qc1
42.Qf3 Qe1 43.Qg2 Qe3+ 44.Qg3 Qe2 45.Qg2 Qe3+ 46.Qg3 Qe4 47.Kh2 Kh7 48.Qf2 Kg8
49.Kg3 Kg7 50.Qd2 Kh6 51.Qc3 Kh7 52.Qc7+ Kh6  1/2-1/2

[Event "Winter Open"]
[Site "Belgrade SCG"]
[Date "2006.01.21"]
[Round "1"]
[White "Marinkov,S"]
[Black "Andrijevic,M"]
[Result "0-1"]
[WhiteElo "2074"]
[BlackElo "2369"]

1.e4 c5 2.Nf3 Nc6 3.d4 cxd4 4.Nxd4 e6 5.Nc3 Qc7 6.g3 a6 7.Bg2 Nf6 8.O-O d6
9.Be3 Be7 10.Qe2 O-O 11.Rad1 Nxd4 12.Bxd4 e5 13.Be3 Bg4 14.f3 Be6 15.Rfe1 b5
16.a3 Rab8 17.Nd5 Bxd5 18.exd5 Nd7 19.f4 f5 20.fxe5 Nxe5 21.Bd4 Bf6 22.Kh1 Rbe8
23.c3 g6 24.Qc2 Bg7 25.Qb3 f4 26.gxf4 Rxf4 27.Re2 Qd7 28.Rde1 Ref8 29.Qc2 Qg4
30.Re4 Qh4 31.Bg1 g5 32.R1e2 Ng6 33.Bf2 Qh5 34.Bg3 R4f7 35.Bxd6 Rf1+ 36.Bxf1 Rxf1+  0-1

[Event "4th Parsvnath Open"]
[Site "New Delhi IND"]
[Date "2006.01.21"]
[Round "9"]
[White "Kotsur,P"]
[Black "Rahman,Zia"]
[Result "1/2-1/2"]
[WhiteElo "2570"]
[BlackElo "2557"]

1.d4 e6 2.e4 c5 3.Nf3 cxd4 4.Nxd4 Nc6 5.Nc3 a6 6.Be2 Qc7 7.O-O Nf6 8.Kh1 b5
9.Nxc6 dxc6 10.f4 Bb7 11.e5 Nd5 12.Ne4 Be7 13.Qe1 O-O 14.Bd2 c5 15.Bf3  1/2-1/2

[Event "2nd Armenian Clubs"]
[Site "Yerevan ARM"]
[Date "2006.01.21"]
[Round "4"]
[White "Mkrtchian,L"]
[Black "Anastasian,A"]
[Result "1-0"]
[WhiteElo "2453"]
[BlackElo "2602"]

1.e4 c5 2.Nc3 Nc6 3.Nf3 e6 4.d4 cxd4 5.Nxd4 Qc7 6.Be2 a6 7.O-O Nf6 8.Be3 Be7
9.f4 d6 10.a4 Bd7 11.Nb3 b6 12.Bf3 O-O 13.g4 Bc8 14.g5 Nd7 15.Bg2 Bb7 16.f5 Rfe8
17.Qh5 Nce5 18.Qh3 Bf8 19.Nd4 exf5 20.Nxf5 Nc5 21.Nd5 Bxd5 22.exd5 Ncd7 23.c3 Qd8
24.Qg3 Rc8 25.Bd4 Qc7 26.b3 Nc5 27.c4 a5 28.Rad1 Qd8 29.Rde1 Qc7 30.Be4 Ng6
31.Bc2 Rxe1 32.Rxe1 Qd7 33.Qe3 Ne5 34.Qh3 g6 35.Bxc5 bxc5 36.Rxe5 Qd8 37.Ne7+ Bxe7
38.Rxe7 Qxe7 39.Qxc8+ Kg7 40.Kf2 Qxg5 41.Be4 Qf4+ 42.Bf3 Qxh2+ 43.Bg2 Qf4+
44.Kg1 Qe3+ 45.Kh1 Qxb3 46.Qc7 Qg3 47.Qxa5 Qh4+ 48.Kg1 Qxc4 49.Qb6 Qxa4 50.Qxd6 Qd4+
51.Kh1 c4 52.Qc7 c3 53.d6 h5 54.d7 c2 55.Qxc2 Qxd7 56.Qc3+ Kh7 57.Qe5 Qd1+
58.Kh2 Qc2 59.Kg3 Qb3+ 60.Kf4 Qa2 61.Kg3 Qb3+ 62.Kh4 Qb4+ 63.Be4 Kg8 64.Qe8+ Kg7
65.Qe5+ f6 66.Qe8 f5 67.Qe5+ Kf7 68.Qd5+ Kf6 69.Qc6+ Ke5 70.Qe8+ Kd4 71.Ba8  1-0

[Event "Classic"]
[Site "Queenstown NZL"]
[Date "2006.01.22"]
[Round "8"]
[White "Stojic,S"]
[Black "Tredinnick,M"]
[Result "0-1"]
[WhiteElo "1978"]
[BlackElo "2172"]

1.e4 c5 2.Nf3 e6 3.d4 cxd4 4.Nxd4 Nc6 5.Nc3 Qc7 6.Be2 a6 7.Be3 b5 8.Nxc6 Qxc6
9.O-O Bb7 10.Bf3 Qc7 11.Qd3 Ne7 12.g3 Ng6 13.Bg2 Rc8 14.a3 Ne5 15.Qe2 Nc4
16.Bf4 Qb6 17.Nd1 Be7 18.c3 O-O 19.Ne3 f6 20.Rad1 Rfd8 21.Nxc4 Rxc4 22.Qd3 e5
23.Be3 Qc7 24.Kh1 a5 25.Rfe1 Qc6 26.Qd5+ Qxd5 27.exd5 b4 28.Bf1 Rcc8 29.Bb6 Rf8
30.Bxa5 bxc3 31.bxc3 Bxa3 32.c4 Ba6 33.Re4 Bc5 34.Kg2 d6 35.Rb1 Rb8 36.Ree1 Rfc8
37.Bd3 g6 38.f4 Bd4 39.Rxb8 Rxb8 40.Bc7 Rb2+ 41.Re2 Rb3 42.Ra2 Rxd3 43.Rxa6 Rd2+
44.Kf3 f5 45.g4 Rf2+ 46.Kg3 exf4+ 47.Kh3 Rf3+ 48.Kg2 fxg4 49.Ra2 Rc3 50.Bxd6 f3+
51.Kg3 f2+ 52.Kxg4 f1=Q 53.Ra8+ Kg7  0-1

[Event "Gibtelecom Masters"]
[Site "Gibraltar ENG"]
[Date "2006.01.24"]
[Round "1"]
[White "Ashton,A"]
[Black "Pelletier,Y"]
[Result "1/2-1/2"]
[WhiteElo "2321"]
[BlackElo "2579"]

1.e4 c5 2.Nf3 e6 3.d4 cxd4 4.Nxd4 Nc6 5.Nc3 Qc7 6.Be3 Nf6 7.Bd3 a6 8.O-O Nxd4
9.Bxd4 Bc5 10.Bxc5 Qxc5 11.Kh1 d6 12.f3 O-O 13.Qe1 e5 14.Qh4 Be6 15.f4 exf4
16.Qxf4 Qe5 17.Qh4 h6 18.Rf3 Qg5 19.Qxg5 hxg5 20.Rg3 g4 21.Be2 Rfd8 22.Rd1 Kf8
23.Rgd3 Ke7 24.Rd4 Rac8 25.Kg1 Rc5 26.R1d2 Rdc8 27.a4 R8c7 28.Bd1 Rc4 29.Be2 R4c6
30.Bd1 Rb6 31.Ne2 Rxb2 32.Ng3 Rc6 33.Nf1 Nd7 34.Ne3 Ne5 35.Kf2 a5 36.Be2 Rb4
37.Rxb4 axb4 38.Rd4 Rb6 39.a5 Rc6 40.Rxb4 Rc7 41.Kg3 f6 42.Nf5+ Bxf5 43.exf5 Kd7
44.Bxg4 Rc3+ 45.Bf3 Nxf3 46.gxf3 Kc6 47.Rg4 Rxc2 48.Rxg7 Rc5 49.a6 bxa6 50.Ra7 Kb6
51.Rd7 Kc6 52.Ra7 Kb6 53.Rd7 Kc6  1/2-1/2

[Event "Winter Open"]
[Site "Belgrade SCG"]
[Date "2006.01.26"]
[Round "6"]
[White "Dimitrijevic,R"]
[Black "Damjanovic,L"]
[Result "1/2-1/2"]
[WhiteElo "1922"]
[BlackElo "2116"]

1.e4 c5 2.Nc3 e6 3.Nf3 Nc6 4.d4 cxd4 5.Nxd4 Qc7 6.Be3 Nf6 7.a3 a6 8.g3 d6
9.Bg2 Bd7 10.O-O Be7 11.Kh1 Nxd4 12.Bxd4 Bc6 13.f4 Rc8 14.Qe2 O-O 15.f5 e5
16.Be3 b5 17.g4 Qb7 18.Bg5 b4 19.axb4 Qxb4 20.Ra2 Bb5 21.Nxb5 Qxb5 22.Qxb5 axb5
23.Ra7 Rfe8 24.Bxf6 Bxf6 25.c3 b4 26.cxb4 Rc2 27.Rb1 h5 28.gxh5 Kh7 29.b5 Rb8
30.Bf1 Bg5 31.Rxf7 Kh6 32.Rd7 Rd2 33.Rc7 Bf4 34.h3 Be3 35.Rc3 Bd4 36.Rg3 Bb6
37.Rg2 Rd4 38.Rg6+ Kh7 39.Rc1 Bc5 40.Rg4 Ra8 41.Bg2 Ra5 42.Bf1 Ra2 43.Bc4 Rxb2
44.Rcg1  1/2-1/2

[Event "Winter Open"]
[Site "Belgrade SCG"]
[Date "2006.01.27"]
[Round "7"]
[White "Nikolic,Mo"]
[Black "Cetkovic,B"]
[Result "1-0"]
[WhiteElo "2246"]
[BlackElo "2236"]

1.e4 c5 2.Nf3 Nc6 3.d4 cxd4 4.Nxd4 e6 5.Nc3 d6 6.Be3 Nf6 7.Bc4 a6 8.Qe2 Qc7
9.Bb3 Na5 10.g4 h5 11.g5 Ng4 12.g6 Nxb3 13.axb3 Ne5 14.Ndb5 Qb8 15.gxf7+ Nxf7
16.Nd4 Be7 17.Rg1 Bf6 18.O-O-O Qc7 19.f4 Qa5 20.f5 Nd8 21.Kb1 Nc6 22.Nxc6 bxc6
23.Rxd6 O-O 24.Qxh5 Qe5 25.Rxc6 exf5 26.Rc5 Qe7 27.Nd5 Qxe4 28.Nxf6+ Rxf6
29.Rxg7+  1-0

[Event "Gibtelecom Masters"]
[Site "Gibraltar ENG"]
[Date "2006.01.28"]
[Round "5"]
[White "Sutovsky,E"]
[Black "Lagowski,P"]
[Result "1-0"]
[WhiteElo "2624"]
[BlackElo "2393"]

1.e4 c5 2.Nf3 e6 3.Nc3 Nc6 4.d4 cxd4 5.Nxd4 Nf6 6.Nxc6 bxc6 7.e5 Nd5 8.Ne4 Bb7
9.Be2 c5 10.O-O Qc7 11.c4 Ne3 12.Nd6+ Bxd6 13.exd6 Qc6 14.Bf3 Nxd1 15.Bxc6 Bxc6
16.Rxd1 O-O 17.Be3 Rfc8 18.Rd3 Be4 19.Rb3 Rab8 20.f3 Bc2 21.Ra3 Rb6 22.Rxa7 Rxd6
23.Bxc5 Rdc6 24.Be3 Rxc4 25.Rxd7 Ba4 26.Rd4 Rxd4 27.Bxd4 f6 28.b3 Bc6 29.Rc1 e5
30.Bb6 Kf7 31.a4 Ke6 32.b4 Bd7 33.Ra1 Kd6 34.Rd1+ Ke6 35.a5 Ba4 36.Ra1 Bb5
37.a6 Bc6 38.Rc1 Bd7 39.Rd1 Ba4 40.Rd2 f5 41.a7 f4 42.Bc5 Kf5 43.Rd6 Bb3
44.b5 Bc4 45.b6 Ba6 46.Rd7 Rxc5 47.g4+ fxg3 48.a8=Q  1-0

[Event "11th HIT Open A"]
[Site "Nova Gorica SLO"]
[Date "2006.01.28"]
[Round "3"]
[White "Korneev,O"]
[Black "Lenic,L"]
[Result "1/2-1/2"]
[WhiteElo "2649"]
[BlackElo "2458"]

1.e4 c5 2.Nf3 Nc6 3.d4 cxd4 4.Nxd4 e6 5.Nc3 Nf6 6.Ndb5 Bb4 7.a3 Bxc3+ 8.Nxc3 d5
9.exd5 exd5 10.Bd3 O-O 11.O-O d4 12.Ne2 Re8 13.Bg5 Bg4 14.Re1 Qd6 15.Qd2 Bxe2
16.Bf4 Qd7 17.Bxe2 Ne4 18.Qd3 Qf5 19.g3 Qa5 20.Qb5 Qxb5 21.Bxb5 g5 22.Bd3 f5
23.f3 gxf4 24.fxe4 fxg3 25.hxg3 Ne5 26.Kg2 Nxd3 27.cxd3 fxe4 28.Rxe4 Rxe4
29.dxe4 Rc8 30.Rd1 Rc2+ 31.Kf3 Rxb2  1/2-1/2

[Event "11th HIT Open A"]
[Site "Nova Gorica SLO"]
[Date "2006.01.28"]
[Round "3"]
[White "Kovacevic,A"]
[Black "Markus,R"]
[Result "1/2-1/2"]
[WhiteElo "2535"]
[BlackElo "2595"]

1.e4 c5 2.Nf3 e6 3.d4 cxd4 4.Nxd4 Nc6 5.Nc3 Qc7 6.Be2 a6 7.O-O Nf6 8.Be3 Be7
9.f4 d6 10.Qe1 Nxd4 11.Bxd4 b5  1/2-1/2

[Event "11th HIT Open A"]
[Site "Nova Gorica SLO"]
[Date "2006.01.28"]
[Round "3"]
[White "Novak,Ks"]
[Black "Cherin,D"]
[Result "0-1"]
[WhiteElo "2180"]
[BlackElo "2301"]

1.e4 c5 2.Nf3 e6 3.d4 cxd4 4.Nxd4 Nc6 5.Nc3 Qc7 6.Be3 a6 7.Qd2 Nf6 8.O-O-O Bb4
9.f3 O-O 10.g4 Rd8 11.g5 Ne8 12.f4 b5 13.f5 Bb7 14.g6 hxg6 15.fxg6 fxg6 16.Rg1 Ne5
17.Bf4 Bd6 18.Bg5 Rdc8 19.Bxb5 Bb4 20.Bd3 Bxc3 21.Qxc3 Qb6 22.Qb3 Qxd4 23.Bxa6 Qc5
24.Bxb7 Rab8 25.Rg2 Qc7 26.Rxd7 Qxd7 27.Bxc8 Qxc8 28.Qg3 Qa6 29.Rf2 Qb5 30.b3 Nd6
31.Qf4 Rc8 32.Kb1 Ndc4 33.a4 Qb4 34.Qg3  0-1

[Event "Gibtelecom Masters"]
[Site "Gibraltar ENG"]
[Date "2006.01.29"]
[Round "6"]
[White "Speck,N"]
[Black "Kunte,A"]
[Result "1/2-1/2"]
[WhiteElo "2371"]
[BlackElo "2551"]

1.e4 c5 2.Nf3 e6 3.d4 cxd4 4.Nxd4 Nc6 5.Nc3 Qc7 6.Be3 a6 7.Bd3 Nf6 8.O-O Nxd4
9.Bxd4 Bc5 10.Bxc5 Qxc5 11.Qe2 d6 12.Kh1 e5 13.Bc4 Be6 14.Bb3 Rc8 15.Rad1 O-O
16.Rd2 Rfd8 17.Rc1 b5  1/2-1/2

[Event "Gibtelecom Masters"]
[Site "Gibraltar ENG"]
[Date "2006.01.30"]
[Round "7"]
[White "Spraggett,K"]
[Black "Bellon Lopez,JuM"]
[Result "0-1"]
[WhiteElo "2581"]
[BlackElo "2415"]

1.e4 c5 2.Nf3 e6 3.d4 cxd4 4.Nxd4 Nc6 5.Nc3 Qc7 6.Be3 a6 7.Qd2 Nf6 8.O-O-O Bb4
9.f3 Ne5 10.Nb3 b5 11.Kb1 Be7 12.Qf2 d6 13.g4 Nfd7 14.Rg1 Bb7 15.g5 Rc8 16.f4 b4
17.Nd5 exd5 18.fxe5 Nxe5 19.exd5 O-O 20.Bh3 Ra8 21.Bb6 Qb8 22.Na5 Bc8 23.Bxc8 Rxc8
24.Rdf1 Rf8 25.Nc6 Qb7 26.Bd4 Nxc6 27.dxc6 Qxc6 28.Bf6 Bd8 29.Qh4 Rc8 30.Rf2 Re8
31.b3 Qe4 32.Rg4 Qe1+  0-1

[Event "Open"]
[Site "Moscow RUS"]
[Date "2006.01.30"]
[Round "2"]
[White "Smikovski,I"]
[Black "Guseinov,El"]
[Result "1/2-1/2"]
[WhiteElo "2538"]
[BlackElo "2384"]

1.e4 c5 2.Nf3 e6 3.d4 cxd4 4.Nxd4 Nc6 5.Nc3 d6 6.Be3 Nf6 7.f4 Be7 8.Qf3 O-O
9.O-O-O a6 10.Rg1 Qc7 11.g4 Nd7 12.g5 b5 13.Rg3 Re8 14.Qh5 Nf8 15.f5 b4 16.fxe6 Bxe6
17.Nd5 Bxd5 18.exd5 Ne5 19.Nc6 Nxc6 20.dxc6 d5 21.Rf3 Bd6 22.Bd4 Be5 23.Bxe5 Rxe5
24.Bd3 g6 25.Qg4 Ne6 26.h4 Qxc6 27.Qxb4 Rc8 28.Rdf1 Nc5 29.Qd4 Re2 30.c3 Qb6
31.Kd1 Rxb2 32.Qxd5 Rb1+ 33.Bxb1 Qxb1+ 34.Ke2 Qb2+ 35.Qd2 Qb5+ 36.Kd1 Qb1+
37.Ke2 Qb5+ 38.Kd1 Qb1+ 39.Ke2  1/2-1/2

[Event "Open"]
[Site "Moscow RUS"]
[Date "2006.01.30"]
[Round "2"]
[White "Nepomniachtchi,I"]
[Black "Sharma,Di"]
[Result "1-0"]
[WhiteElo "2506"]
[BlackElo "2370"]

1.e4 c5 2.Nf3 Nc6 3.d4 cxd4 4.Nxd4 e6 5.Nc3 Qc7 6.Be3 a6 7.Qd2 Nf6 8.O-O-O Bb4
9.f3 b5 10.Kb1 Be7 11.g4 h6 12.h4 Ne5 13.Qg2 Rb8 14.g5 Nh5 15.f4 Nc4 16.Bxc4 Qxc4
17.g6 f5 18.Rhe1 fxe4 19.f5 O-O 20.fxe6 dxe6 21.Qxe4 Nf6 22.Qe5 Rb7 23.Bg1 Ng4
24.Qg3 e5 25.b3 Bxh4 26.Qxh4 Qxc3 27.Rf1 Nf6 28.Rd3 Qb4 29.a3 Qxa3 30.Nc6 Rd7
31.Rxd7 Bxd7 32.Nb4 Be6 33.Bc5 Rd8 34.Nd3 Qa5 35.Rxf6 gxf6 36.Qxf6 Re8 37.Be7 Bd5
38.g7 Kh7 39.Qf5+ Kxg7 40.Bf6+ Kf7 41.Bxe5+ Ke7 42.Qf6+ Kd7 43.Qd6+ Kc8 44.Qb8+ Kd7
45.Nc5+ Kc6 46.Qd6+  1-0

[Event "Open"]
[Site "Moscow RUS"]
[Date "2006.01.30"]
[Round "2"]
[White "Nikolenko,O"]
[Black "Reshetnikov,A"]
[Result "1-0"]
[WhiteElo "2527"]
[BlackElo "2379"]

1.e4 c5 2.Nf3 e6 3.d4 cxd4 4.Nxd4 Nc6 5.Nc3 Qc7 6.g3 a6 7.Bg2 Nf6 8.O-O Bc5
9.Nxc6 dxc6 10.Na4 Ba7 11.c4 Nd7 12.b4 b5 13.Nb2 O-O 14.c5 a5 15.a3 Rd8 16.Nd3 Bxc5
17.bxc5 Nxc5 18.Bf4 Qe7 19.Nxc5 Rxd1 20.Rfxd1 e5 21.Bxe5 Be6 22.Bd6 Qe8 23.Nxe6 Qxe6
24.e5 Rc8 25.Rac1 Qb3 26.Bd5  1-0

[Event "11th HIT Open A"]
[Site "Nova Gorica SLO"]
[Date "2006.01.30"]
[Round "7"]
[White "Krivec,J"]
[Black "Cherin,D"]
[Result "1/2-1/2"]
[WhiteElo "2299"]
[BlackElo "2301"]

1.e4 c5 2.Nf3 e6 3.d4 cxd4 4.Nxd4 Nc6 5.Nc3 Qc7 6.g3 a6 7.Bg2 Nf6 8.O-O Bc5
9.Nb3 Ba7 10.Qe2 d6 11.Kh1 b5 12.f4 Bb7 13.Be3 Bxe3 14.Qxe3 O-O 15.Qe2 b4
16.Nd1 a5 17.c4 bxc3 18.bxc3 a4 19.Nc1 Ba6 20.Nd3 d5 21.N1f2 dxe4 22.Nxe4 Nxe4
23.Qxe4 Na5 24.Rac1 Rfd8 25.Rfd1 Bb7 26.Qe2 Nc4 27.Ne1 Rac8 28.Rd4 a3 29.Nc2 Bxg2+
30.Qxg2 h6 31.h3 Rd6 32.Rcd1 Rxd4 33.Rxd4 Nd6 34.Nxa3 Qxc3 35.Rxd6 Qxa3 36.Rd2 g6
37.Kh2 Rc3 38.Rc2 Rd3 39.Rd2 Rc3  1/2-1/2

[Event "Gibtelecom Masters"]
[Site "Gibraltar ENG"]
[Date "2006.01.31"]
[Round "8"]
[White "Arakhamia,K"]
[Black "Kobalia,M"]
[Result "0-1"]
[WhiteElo "2426"]
[BlackElo "2654"]

1.e4 c5 2.Nf3 e6 3.d4 cxd4 4.Nxd4 Nc6 5.Nc3 d6 6.Be3 Nf6 7.Be2 a6 8.O-O Bd7
9.a4 Be7 10.Nb3 Na5 11.Nxa5 Qxa5 12.Qd2 Rc8 13.f4 Qc7 14.a5 Bc6 15.Bf3 O-O
16.Kh1 Rfe8 17.Bb6 Qb8 18.Rfd1 Nd7 19.Bf2 Qc7 20.Ne2 Nc5 21.Ng3 Bb5 22.Rac1 Qb8
23.b3 Red8 24.Qe3 Be8 25.Rb1 e5 26.f5 h6 27.c4 Bg5 28.Qe2 Bh4 29.Nf1 Bxf2
30.Qxf2 f6 31.b4 Na4 32.Rdc1 b5 33.axb6 Nxb6 34.c5 Na4 35.Bd1 Kh8 36.Ne3 dxc5
37.bxc5 Qa7 38.Bxa4 Bxa4 39.Nd5 Bc6 40.Nb6 Rb8 41.Rc4 a5 42.h3 Qa6 43.Qa2 a4
44.Kh2 Qa5 45.Nd5 Rxb1 46.Qxb1 a3 47.Nb4 Bb5 48.Rc3 Rd4 49.Na2 Bc6 50.Qb8+ Kh7
51.Qc8 Bxe4 52.c6 Rd8 53.Qe6 Qc7 54.Nb4 Rd2 55.Rg3 a2 56.Nxa2 Bd5 57.Qe8 Bxa2
58.Qg6+ Kh8 59.Qe8+ Bg8  0-1

[Event "ch-Serbia"]
[Site "Vrnjacka Banja SCG"]
[Date "2006.01.31"]
[Round "2"]
[White "Marinkovic,Sl"]
[Black "Lapcevic,M"]
[Result "1/2-1/2"]
[WhiteElo "2403"]
[BlackElo "2282"]

1.e4 c5 2.Nf3 e6 3.d4 cxd4 4.Nxd4 Nc6 5.Nc3 Qc7 6.g3 a6 7.Bg2 d6 8.O-O Bd7
9.Re1 Be7 10.Nxc6 Bxc6 11.a4 Nf6 12.Be3 O-O 13.a5 Nd7 14.Na4 Bf6 15.c3 Rac8
16.Nb6 Nxb6 17.Bxb6 Qb8 18.Qd2 Bd8 19.Bd4 Be7 20.c4 Bd7 21.b3 Rfe8 22.Red1 e5
23.Bb6 Be6 24.f4 exf4 25.gxf4 Bg4 26.Rf1 Bd8 27.h3 Bxb6+ 28.axb6 Be6 29.Rad1 Rc6  1/2-1/2

[Event "Open"]
[Site "Moscow RUS"]
[Date "2006.02.01"]
[Round "4"]
[White "Smikovski,I"]
[Black "Popov,Iv RUS"]
[Result "1-0"]
[WhiteElo "2538"]
[BlackElo "2460"]

1.e4 c5 2.Nf3 e6 3.d4 cxd4 4.Nxd4 Nc6 5.Nc3 a6 6.Be2 Qc7 7.O-O Nf6 8.Be3 Be7
9.f4 d6 10.a4 O-O 11.Kh1 Re8 12.Bg1 Nxd4 13.Qxd4 e5 14.Qd3 exf4 15.Rxf4 d5
16.Raf1 dxe4 17.Nxe4 Nxe4 18.Rxe4 Be6 19.Bg4 Rad8 20.Bxe6 Rxd3 21.Bxf7+ Kh8
22.Bxe8 Rd8 23.Bh5 Bf6 24.c3 Qa5 25.Bf3 b5 26.Rfe1 h6 27.Bh5 Kh7 28.Rg4 g5
29.Rb4 Kg7 30.Re6 Rd2 31.Bb6 Qxb4 32.cxb4 Rxb2 33.Bg1 Rb1 34.Rd6 bxa4 35.Rd7+ Kg8
36.Be2 a3 37.Bc4+ Kh8 38.Rh7+ Kxh7 39.Bd3+ Kg7 40.Bxb1 g4 41.Bc5 h5 42.Kg1 Be5
43.h3 gxh3 44.gxh3 Kf6 45.Kf2 Kg5 46.Be3+ Kh4 47.Kg2 Bc3 48.Bc5 Kg5 49.Bd6 Bd2
50.Ba2 Bc3 51.Kg3 Kf5 52.Kh4 Ke4 53.Kxh5 Kd3 54.Kg6 Kc2 55.h4 Kb2 56.Bd5 a2
57.Bxa2 Kxa2 58.h5  1-0

[Event "11th HIT Open A"]
[Site "Nova Gorica SLO"]
[Date "2006.02.01"]
[Round "9"]
[White "Saric,A"]
[Black "Cherin,D"]
[Result "1-0"]
[WhiteElo "2455"]
[BlackElo "2301"]

1.e4 c5 2.Nf3 e6 3.d4 cxd4 4.Nxd4 Nc6 5.Nc3 Qc7 6.Be3 a6 7.Bd3 b5 8.Nxc6 Qxc6
9.O-O Bb7 10.a3 Nf6 11.Qe2 Be7 12.f4 d5 13.e5 Nd7 14.Bd4 Bc5 15.Bxc5 Qxc5+
16.Kh1 g6 17.Nd1 Nb6 18.Nf2 h5 19.b3 Rc8 20.Qf3 Rc7 21.Qh3 Qe7 22.Qe3 Qc5
23.Qh3 Qe7 24.Qe3 Qc5 25.Qf3 Qe7 26.Nh3 Nd7 27.Ng5 Rg8 28.b4 Rg7 29.Qe3 Rc6
30.Nf3 Nb6 31.Nd4 Nc4 32.Nxc6 Nxe3 33.Nxe7 Nxf1 34.Nxd5 Bxd5 35.Rxf1 g5 36.f5 exf5
37.Rxf5 Ke7 38.Kg1 Ke6 39.Kf2 Bc4 40.Be4 Rg8 41.Ke3 h4 42.g3 hxg3 43.hxg3 Rg6
44.Kd4 Ba2 45.c3 Bb3 46.Bd3 Ba4 47.Rf2  1-0

[Event "11th HIT Open A"]
[Site "Nova Gorica SLO"]
[Date "2006.02.01"]
[Round "9"]
[White "Kokol,P"]
[Black "Nikolov,Sas"]
[Result "1-0"]
[WhiteElo "2153"]
[BlackElo "2381"]

1.e4 c5 2.Nf3 e6 3.d4 cxd4 4.Nxd4 Nc6 5.Nc3 Qc7 6.Be3 a6 7.Bd3 b5 8.Nxc6 Qxc6
9.a3 Bb7 10.Qe2 Nf6 11.O-O Rc8 12.Rad1 Bxa3 13.Nxb5 Bxb2 14.Na7 Qc7 15.Nxc8 Qxc8
16.Rb1 Bc3 17.f3 d5 18.Bf4 O-O 19.Bd6 Rd8 20.e5 Ne8 21.Ba3 Qc6 22.Rb3 g6
23.Rfb1 Bc8 24.Kh1 Qc7 25.f4 h5 26.Qf2 d4 27.Qh4 Rd7 28.Rb8 Kg7 29.Bxa6 Bxa6
30.Rxe8  1-0

[Event "ch-Serbia"]
[Site "Vrnjacka Banja SCG"]
[Date "2006.02.01"]
[Round "4"]
[White "Stupavski,Z"]
[Black "Vratonjic,S"]
[Result "1/2-1/2"]
[WhiteElo "2409"]
[BlackElo "2473"]

1.e4 c5 2.Nf3 e6 3.d4 cxd4 4.Nxd4 Nc6 5.Nc3 Qc7 6.g3 d6 7.Bg2 Nxd4 8.Qxd4 Ne7
9.O-O Nc6 10.Qc4 a6 11.Be3 b5 12.Qe2 Be7 13.a4 b4 14.Na2 a5 15.Rad1 O-O 16.c4 Ne5
17.b3 Bb7 18.Nc1 Nd7 19.Nd3  1/2-1/2

[Event "FSIMA February"]
[Site "Budapest HUN"]
[Date "2006.02.04"]
[Round "1"]
[White "Sanchez,Lo"]
[Black "Bednay,B"]
[Result "1-0"]
[WhiteElo "2301"]
[BlackElo "2231"]

1.e4 c5 2.Nf3 e6 3.d4 cxd4 4.Nxd4 Nc6 5.Nc3 Qc7 6.Be3 a6 7.Qd2 Nf6 8.O-O-O Ng4
9.Bf4 e5 10.Nxc6 dxc6 11.Bg3 Be6 12.Be2 Be7 13.f3 Rd8 14.Qe1 Rxd1+ 15.Nxd1 Nf6
16.Qc3 Nd7 17.Bc4 Bxc4 18.Qxc4 O-O 19.Nf2 b5 20.Qc3 Bc5 21.Nd3 Bd4 22.Qxd4  1-0

[Event "Open"]
[Site "Moscow RUS"]
[Date "2006.02.04"]
[Round "7"]
[White "Danin,A"]
[Black "Grigoriants,S RUS"]
[Result "1/2-1/2"]
[WhiteElo "2429"]
[BlackElo "2550"]

1.e4 c5 2.Nf3 e6 3.d4 cxd4 4.Nxd4 Nc6 5.Nc3 d6 6.Be2 Nf6 7.Be3 Be7 8.f4 Bd7
9.Nb3 a6 10.a4 b6 11.Bf3 Qc7 12.Qe2 Bc8 13.Qc4 Bd8 14.Qe2 Rb8 15.O-O O-O
16.g4 Na5 17.g5 Nd7 18.Nxa5 bxa5 19.Rab1 Rb4 20.Bg2 Bb7 21.Qh5 Re8 22.Rfd1 Nb6
23.Qe2 Nxa4 24.Nxa4 Rxa4 25.Qd3 Be7 26.Ra1 Rc4 27.c3 Rc8 28.Qc2 g6 29.Rd4 Rxd4
30.Bxd4 e5 31.fxe5 dxe5 32.Be3 Bc6 33.Qf2 a4 34.h4 Qb7 35.Rf1 Rf8 36.Qc2 Qb3
37.Qxb3 axb3 38.Ra1 Bb5 39.Bf1 Rc8 40.Bxb5 axb5 41.Ra5 Rb8 42.Kf2 f5 43.gxf6 Bxf6
44.Bg5 Bxg5  1/2-1/2